Financial Health of Post-Transformation Companies

Zámerom článku je overiť vplyv transformácie na finančné zdravie transformujúcich sa obchodných korporácií. Transformácia obchodných korporácií môže pomôcť pri zvyšovaní efektívnosti výroby, zvyšovaní finančnej výkonnosti podnikov, znižovaní nákladov, realizácii diverzifikácie rizík alebo zjednodušo...

Description complète

Enregistré dans:
Détails bibliographiques
Auteur principal: Heralová, Olga
Format: Chapitre de livre
Langue:anglais
Sujets:
Tags: Ajouter un tag
Pas de tags, Soyez le premier à ajouter un tag!

MARC

LEADER 00000naa a2200000 4500
001 0311305
005 20250625141653.7
041 0 |a eng 
044 |a CZ 
245 1 0 |a Financial Health of Post-Transformation Companies  |c Olga Heralová 
520 |a Zámerom článku je overiť vplyv transformácie na finančné zdravie transformujúcich sa obchodných korporácií. Transformácia obchodných korporácií môže pomôcť pri zvyšovaní efektívnosti výroby, zvyšovaní finančnej výkonnosti podnikov, znižovaní nákladov, realizácii diverzifikácie rizík alebo zjednodušovaní organizačnej štruktúry. Článok sa zameriava na transformáciu nazývanú projekt rozdelenia zlúčením. Finančné zdravie spoločností je možné overiť pomocou finančnej analýzy a súhrnných indexov. Na overenie sú v článku vybrané dva bankrotové indexy, Altmanov index Z-skóre a IN05. V článku je aj uvedené overenie finančného zdravia transformovaných spoločností vykonané na transformovaných spoločnostiach bezprostredne po transformácii a v priebehu niekoľkých nasledujúcich rokov. 
610 2 0 |a transformácia podniku 
610 2 0 |a podnik obchodný 
610 2 0 |a spin-off firmy 
610 2 0 |a zlučovanie podnikov 
610 2 0 |a zdravie podniku finančné 
610 2 0 |a ukazovatele finančné 
610 2 0 |a analýza finančná 
610 2 0 |a metóda Altmanova 
100 1 |a Heralová, Olga